01157cam a22003254a 450000100090000000300090000900500170001800700030003500800340003802000150007204000340008708200250012110000470014624500680019324600250026126400290028630000320031533600270034733700350037433800300040949000240043950400400046359000260050360000890052965100240061891000410064294200120068395201190069599900170081412809596DO-SdBPM20260520122937.0ta020506s2005 sp a 000 0dspa  a844132087X aDO-SdBPMbspacBPMSUd e rda04a929bS681R 2005 2221 aRincón, María Eugenia eautora4aut.  aSofía de España : buna mujer /cMaría Eugenia Rincón  aSofía de España  aMadrid :b ABC ; c2005 a281 páginas ;c25 cm.b  atextobtxt2rdacontent asin mediación bn2rdamedia  avolumen bnc2rdacarrier 0 aBiografías vivas  aBibliografía: páginas [285-286] aInventariado, 2026/VM17aSofía, cReina consorte de Juan Carlos I, Rey de España d1938- xBiografías  4aEspañaxHistoria  aVMateo V. Control de calidad. BPMSU  2ddccBK 00102ddc708CGaBPMETbBPMETd2026-05-20l0oBPMSU CG 929 S681R 2005 pBPMSU26050091r2026-05-20w2026-05-20yBK c15857d15857